De quel Disney sont tirées ces répliques ? n°2 - Statistiques

Statistiques générales
  • Ce quiz a été pris 1 884 fois
  • Le résultat moyen est 16 sur 30
Statistiques - réponses
Question Réponse % Correct
"Non, non, non, tu me chatouilles. Non, non, non, non, non, c’est une chose qui se fait pas dans la jungle." Le livre de la Jungle
85%
"- Un joyeux non-anniversaire. / - A moi ? / - A vous ! / - Un joyeux non-anniversaire. / - A moi ? / - A vous!" Alice au pays des merveilles
81%
"C’est la conseillère de l’Empereur. Elle est la preuve vivante que les dinosaures ont vécu sur la Terre." Kuzco, l'empereur mégalo
79%
"- Tu es revenu me chercher. / - Personne n’est abandonné." Lilo et Stitch
77%
"Ma maman dit toujours que le chemin le plus court vers le cœur d’un homme passe par son estomac." La Princesse et la Grenouille
74%
"Rêve ta vie en couleur, c’est le secret du bonheur." Peter Pan
74%
"Quoi qu’il puisse arriver, je serais une flamme dans ton cœur. Pour toujours." Pocahontas : une légende indienne
71%
"- Je l’ai laissé partir. / - Oui, oui très bien… Vous quoi ? Mais pour quelle raison, c’est insensé ! / - Il le fallait. / - Mais enfin…mais pourquoi ? / - Parce que… je l’aime." La Belle et la Bête
68%
"- Je t’interdis de te sacrifier. / - Et je vous interdis de mourir. / - Si tu me sauves c’est toi qui mourras." Raiponce
61%
"Je voudrais que mon prince m’emmène dans son château, où nous vivrons lui et moi heureux à jamais." Blanche-Neige et les Sept Nains
59%
"Malheureux doit trouver plus malheureux que lui, ensuite lui plus heureux." La Belle et le Clochard
59%
"Votre grand-père avait un dicton : nos enfants se souviennent de nous par l’héritage que nous leur léguons." Atlantide, l'empire perdu
58%
"Je n’avais jamais vu autant d’amour depuis que Narcisse s’était découvert lui-même." Hercule
58%
"- Il est dedans ? / - Non et heureusement pour lui parce que j’aurais collé une paire de gifles à son cadavre." Les Mondes de Ralph
54%
"Regarde ça ! Regarde ça ! Chaque fois que je déprime ça me déplume !" Aladdin
53%
"- Quelle tête à claque ce gamin ! Il doit bien y en avoir une qui me ferait de beaux petits enfants ! / - Sire ! / - Qui ferait une épouse convenable." Cendrillon
51%
"Si on fait le même rêve plusieurs fois, on dit qu’il se réalise un jour et j’en ai rêvé au moins cent fois." La Belle au bois dormant
50%
"- Quelque soit l’endroit où j’irais, tu seras toujours ma maman. / - Et toi tu vivras toujours dans mon cœur." Tarzan
50%
"- La seule chose dont il faut avoir peur, c’est de la peur elle-même. / - Également des ours, il faut craindre les ours aussi !" Zootopie
50%
"- L’absence fait grandir l’amoureuse ardeur. / - Ou bien la refroidit." Robin des Bois
49%
"L’amour, c’est faire passer les besoins des autres avant les siens." La Reine des Neiges
47%
"Je sais que c’est pas facile. Mais parfois nous avons des ambitions, des rêves que l’on veut accomplir coûte que coûte et c’est tout simplement impossible." Vaiana : la légende du bout du monde
47%
"Vos yeux sont comme deux saphirs brillants de mille feux. Le jour en est plus lumineux. Plus radieux." Les Aristochats
45%
"Vous ne changez donc jamais de porte-plumes ?!" Le Bossu de Notre-Dame
38%
"Si tu n’es pas capable de dire un mot gentil, tu ne dis rien du tout." Bambi
30%
"Alors c’était vous ? C’était vous depuis le début !" La Petite Sirène
26%
"Être brave, ne veut pas dire risquer l’impossible." Le Roi Lion
24%
"Mais j’ai faim quand même, j’avalerais tout un éléphant." Les 101 Dalmatiens
21%
"Ils poussent de partout ! Comme des pâquerettes !" Mulan
17%
"On dirait un conte de fées !" Pinocchio
12%
Aucun quiz correspondant
Distribution des résultats
% des personnes avec chaque résultat
Percentile par nombre de réponses
Votre historique - résultats
Vous n’avez pas pris ce quiz